00537 2200181 4500001002100000008004100021035002000062245008500082100005200167260002800219300002400247020002200271084001600293082001000309990001200319990001200331990001200343INLIS000000000002737 IND  a0010-0925000084 aKompeten Berbahasa Indonesia XIcDrs. Rusmiyanto, M.Pd., Drs. Imam Taufik, M.Pd. aDrs. Rusmiyanto, M.Pd., Drs. Imam Taufik, M.Pd. aJakartabErlanggac2022 a265c(17,5 x 25 cm) a978-623-266-786-0 a371.3 RUS k a371.3 a0754943 a0754944 a0754945